| 000 | 02183nab a2200265 i 4500 | ||
|---|---|---|---|
| 003 | BR-BrBNA | ||
| 005 | 20241008150525.0 | ||
| 008 | 241008b2004 bl.qr|pooa||| 00| 0 por | | ||
| 040 |
_aBR-BrBNA _bpor |
||
| 072 | _aF70 | ||
| 100 | _aAssis, Marta Camargo de | ||
| 245 | _aAlstroemeriaceae no estado do Rio de Janeiro | ||
| 500 | _aPublicação on-line; 10 ref.; 2 illus.; Summaries (En, Pt) | ||
| 520 | _a RESUMO (Alstroemeriaceae no estado do Rio de Janeiro) Neste trabalho são apresentadas as espécies de Alstroemeriaceae do estado do Rio de Janeiro, Brasil. A família é representada na área pelo gênero Alstroemeria, incluindo cinco espécies: A. caryophyllaea Jacq., A. cunha Vell., A. foliosa Mart. ex Schult. & Schult. f., A. isabelleana Herb., A. radula Dusén e pelo gênero Bomarea incluindo apenas a espécie B. edulis (Tussac) Herb. Novas sinonimizações, chaves de identificação, descrição das espécies, ilustrações e comentários são aqui apresentados. Palavras-chave: Alstroemeriaceae, florística, Rio de Janeiro, Brasil. | ||
| 520 | _a ABSTRACT (Alstroemeriaceae in the Rio de Janeiro state) This paper presents the species of Alstroemeriaceae of Rio de Janeiro State, Brazil. The family is represented in the area by two genera: Alstroemeria and Bomarea. Alstroemeria includes five species: A. caryophyllaea Jacq., A. cunha Vell., A. foliosa Mart. ex Schult. & Schult. f., A. isabelleana Herb. and A. radula Dusén. Bomarea includes just one species, B. edulis (Tussac) Herb. New synonyms, key to genera and species, descriptions, illustrations and comments are presented. Key-words: Alstroemeriaceae, floristic, Rio de Janeiro, Brazil. | ||
| 650 | _aCOMPOSIÇÃO BOTÂNICA | ||
| 650 | _aPLANTA ORNAMENTAL | ||
| 650 | _aHERBÁRIO | ||
| 650 | _aRIO DE JANEIRO | ||
| 650 | _aBRAZIL | ||
| 773 | 0 |
_0709 _9345195 _dRio de Janeiro-RJ Jardim Botanico do Rio de Janeiro 1935 _o2024-5688 _tRodriguésia (Brazil) _x0370-6583; 2175-7860 on-line _gv. 55(85) p. 5-15; (2004) _wBR2024003225 |
|
| 856 | _uhttps://www.scielo.br/j/rod/a/KdCyNK3WRqtbJs44vszVsDg/?format=pdf&lang=pt | ||
| 942 | _cANA | ||
| 999 |
_c327998 _d327998 |
||